Logo BPK

Biblioteka

Politechniki Koszalińskiej

Wielki słownik angielsko-polski PWN-Oxford = (Rekord nr 44141)

Szczegóły MARC
000 -ETYKIETA REKORDU
podpole kontrolne o stałej długości 00966nam a2200253 i 4500
001 - NUMER KONTROLNY REKORDU
pole kontrolne bg
020 ## - MIĘDZYNARODOWY ZNORMALIZOWANY NUMER KSIĄŻKI - ISBN
ISBN 8301141360 (PWN)
040 ## - ŹRÓDŁO KATALOGOWANIA
Instytucja, która utworzyła rekord BPK
041 1# - KOD JĘZYKA
Kod języka tekstu pol
-- eng
080 ## - UNIWERSALNA KLASYFIKACJA DZIESIĘTNA - UKD
UKD 811.162.1'374
080 ## - UNIWERSALNA KLASYFIKACJA DZIESIĘTNA - UKD
UKD 811.111'374
920 ## - Międzynarodowy znormalizowany numer książki – ISBN
ISBN 83-01-14136-0 (PWN)
008 - POLE O STAŁEJ DŁUGOŚCI - DANE KONTROLNE
podpole kontrolne o stałej długości 040511s2004 pl d |000 0 pol
245 00 - TYTUŁ/ODPOWIEDZIALNOŚĆ
Tytuł Wielki słownik angielsko-polski PWN-Oxford =
Ciąg dalszy tytułu English-Polish dictionary /
Pozostałe elementy strefy tytułu i oznaczenia odpowiedzialności red. nauk. Barbara Lewandowska-Tomaszczyk, okresowo Jacek Fisiak, Tadeusz Piotrowski ; aut. haseł Paweł Beręsewicz [et al.].
260 ## - STREFA ADRESU WYDAWNICZEGO
Miejsce wydania Warszawa :
Nazwa wydawcy/dystrybutora Wydawnictwo Naukowe PWN ;
Miejsce wydania [Oxford] :
Nazwa wydawcy/dystrybutora Oxford University Press,
Data publikacji, dystrybucji/powstania dokumentu 2004.
300 ## - STREFA OPISU FIZYCZNEGO
Objętość IX, 1428 s. ;
Rozmiary 27 cm.
655 #4 - TERMIN INDEKSOWY - OKREŚLENIE RODZAJU/FORMY DOKUMENTU
Określenie rodzaju/formy dokumentu Słowniki angielsko-polskie
700 1# - HASŁO DODATKOWE - NAZWA OSOBOWA
Nazwa osobowa Harris, Emma.
Określenie związku między hasłem a opisywanym materiałem Red.
700 1# - HASŁO DODATKOWE - NAZWA OSOBOWA
Nazwa osobowa Polanski, Kazimierz.
Określenie związku między hasłem a opisywanym materiałem Red.
700 1# - HASŁO DODATKOWE - NAZWA OSOBOWA
Nazwa osobowa Saloni, Zygmunt.
Określenie związku między hasłem a opisywanym materiałem Red.
700 1# - HASŁO DODATKOWE - NAZWA OSOBOWA
Nazwa osobowa Beręsewicz, Paweł
942 ## - DODATKOWE ELEMENTY (KOHA)
Typ dokumentu Książka
Egzemplarze
Wycofany Status egzemplarza Uszkodzony Dostępność Lokalizacja stała Lokalizacja bieżąca Miejsce przechowywania Sygnatura Kod kreskowy Dział Typ dokumentu Ostatnio wypożyczono Status: wypożyczony Uwaga przeznaczona na użytek publiczny
      Tylko na miejscu Biblioteka Politechniki Koszalińskiej Biblioteka Politechniki Koszalińskiej Czytelnia BG 70964 02167954 8 Językoznawstwo Książka      
      Dostępny Biblioteka Politechniki Koszalińskiej Biblioteka Politechniki Koszalińskiej Wypożyczalnia BG 70965 02167947   Książka 22.02.2024    
      Tylko na miejscu Biblioteka Politechniki Koszalińskiej Biblioteka Politechniki Koszalińskiej Czytelnia Wydziałowa ul. Kwiatkowskiego 6e 70966 02167930 811.111(03) Język angielski - encyklopedie, słowniki Książka      
      Tylko na miejscu Biblioteka Politechniki Koszalińskiej Biblioteka Politechniki Koszalińskiej Czytelnia Wydziałowa ul. Kwiatkowskiego 6e 70967 02167923 811.111(03) Język angielski - encyklopedie, słowniki Książka 17.02.2025 01.12.2026  
      Dostępny Biblioteka Politechniki Koszalińskiej Biblioteka Politechniki Koszalińskiej Wypożyczalnia BG 70968 02167916   Książka   01.12.2026  
      Tylko na miejscu Biblioteka Politechniki Koszalińskiej Biblioteka Politechniki Koszalińskiej Zbiory Wewnętrzne 70969 02167909   Książka     D22
© 2023 Biblioteka Politechniki Koszalińskiej :: KOHA